000 01163nam a2200301 a 4500
001 000536387
003 AM-YeHGA
005 20250617162322.0
008 070514s1957 ru |||||r|||||000|0|rus|d
040 _aAM-YeHGA
041 0 _arus
100 1 _aАстанин, Петр Петрович
245 1 0 _aБиохимия :
_b[Учебное пособие] /
_cП.П. Астанин, В.Л. Узюмов, М.С. Ковындиков; под общ. ред. П.П. Астанина.
260 _aМосква
_aЛенинград :
_bСельхозгиз,
_c1957.
300 _a168 с. :
_bил. ;
_c22 см.
500 _aПредм. указ. : с. 157-163
650 1 4 _aВетеринария
650 1 4 _aБиохимия
650 1 4 _aМолоко
650 1 4 _aМоча
650 1 4 _aМетаболизм и эндокринология
650 1 4 _aЛабораторная диагностика
650 1 4 _aУчебники
700 1 _aУзюмов, Василий Лаврентьевич
700 1 _aКовындиков, Михаил Семенович
700 1 _aАстанин, П.П.
_eред.
_4edt
090 _c490713
999 _c487344
_d487344